Cardiology for the primary care physician.-- 2nd ed. (Record no. 30922)
[ view plain ]
| 000 -LEADER | |
|---|---|
| fixed length control field | 00738nam a2200193 a 4500 |
| 008 - FIXED-LENGTH DATA ELEMENTS--GENERAL INFORMATION | |
| fixed length control field | 110930s1998 ||||||||||||||||| || u |
| 020 ## - INTERNATIONAL STANDARD BOOK NUMBER | |
| International Standard Book Number | 0838515630 |
| 050 ## - LIBRARY OF CONGRESS CALL NUMBER | |
| Classification number | RC 667 Car |
| 100 ## - MAIN ENTRY--PERSONAL NAME | |
| Personal name | Alpert, Joseph. S |
| 245 10 - TITLE STATEMENT | |
| Title | Cardiology for the primary care physician.-- 2nd ed. |
| Statement of responsibility, etc. | edited by Joseph S. Alpert |
| 250 ## - EDITION STATEMENT | |
| Edition statement | 2nd ed. |
| 260 ## - PUBLICATION, DISTRIBUTION, ETC. | |
| Place of publication, distribution, etc. | Philadelphia, PA |
| Name of publisher, distributor, etc. | Appleton & Lange |
| Date of publication, distribution, etc. | 1998 |
| 300 ## - PHYSICAL DESCRIPTION | |
| Extent | xii, 420p.: ill. |
| 350 ## - | |
| -- | 0.00 |
| 650 ## - SUBJECT ADDED ENTRY--TOPICAL TERM | |
| Topical term or geographic name entry element | CARDIOVASCULAR SYSTEM--DISEASES |
| 650 ## - SUBJECT ADDED ENTRY--TOPICAL TERM | |
| Topical term or geographic name entry element | CARDIOLOGY |
| 650 ## - SUBJECT ADDED ENTRY--TOPICAL TERM | |
| Topical term or geographic name entry element | PRIMARY CARE (MEDICINE) |
| 995 ## - | |
| -- | MEDICAL LIBRARY OPEN ACCESS |
| -- | 0.00 |
| -- | 901429 |
| -- | CBU-SCHOOL OF MEDICINE LIBRARY (Ndola) |
| -- | 1 |
| -- | 0.00 |
| -- | RC 667 CAR |
| -- | 1 |
| -- | AVAILABLE |
| -- | Nov 16, 2011 |
| -- | 901429 |
| -- | Medical Library Open Access Collection |
| 999 ## - | |
| -- | 30922 |
| -- | 30922 |
| Withdrawn status | Lost status | Source of classification or shelving scheme | Damaged status | Not for loan | Permanent Location | Current Location | Shelving location | Date acquired | Total Checkouts | Full call number | Barcode | Date last seen | Price effective from | Koha item type |
|---|---|---|---|---|---|---|---|---|---|---|---|---|---|---|
| CBU-SCHOOL OF MEDICINE LIBRARY, NDOLA. | CBU-SCHOOL OF MEDICINE LIBRARY, NDOLA. | 11/30/2022 | RC 667 Car | 901429 | 11/30/2022 | 11/30/2022 | MONOGRAPH |